02514nam a2200385 a 4500001001000000003000900010005001700019007000300036008003600039020001800075040003000093082002700123100005600150245018400206264004900390300005300439336002700492337003500519338003000554500000600584500005800590504004000648505104400688590002601732650002001758650003501778650002301813650002701836700004101863700003301904910004101937942001201978952012101990999001702111000045398DO-SdBPM20260303090849.0ta150306s2014 dr ab r 000 0 spa d a9789945589283 aDO-SdBPMbspacBPMSUerda 4a355.48bS718e 20142221 aSoto Jiménez, José Miguel,d1956-eautor4aut. 13aEl estrategicón :bdel arte de la guerra al arte de la política /cJosé Miguel Soto Jiménez ; prólogo José-Dorín-Cabrera, edición al cuidado de Juan Carlos Mieses. aSanto Domingo :bEditorial Santuario,c2014. a262 páginas :bilustraciones, mapas ;c23 cm. atextobtxt2rdacontent asin mediación bn2rdamedia  avolumen bnc2rdacarrier  a  aIncluye datos biográficos del autor en las solapas. aBibliografía : páginas 255-2590 aPrólogo / José -Dorín- Cabrera,13.-- A manera de introducción,37.-- Siguiendo las huellas para hacer las nuevas huellas,43.-- La política de la guerra,57.-- La lucha por el poder como punto de coincidencia entre la política y la guerra,63.--De Sun Tzu a Gene Sharp,75.-- Los niveles de la guerra en la política y otros elementos terminológicos,89.-- La estrategia,123.-- Los principios de la guerra y otros conceptos militares como herramientas del trabajo político,135.-- El comandante y su estado mayor,157.-- El asunto preliminar de las operaciones,171.-- El marco operacional,183.-- Tipos de operaciones de combate. La ofensiva,191.--La defensa. Tipos de defensa,201.--Operaciones retrógadas,207.-- Las otras operaciones u operaciones de no guerra,211.-- Operaciones conjuntas y combinadas. Otros conceptos,217.-- Del liderazgo al don de mando,225.-- Los niveles y principios de la guerra como instrumento dinámico del análisis político,233.-- Epílogo,253.-- Bibliografía,255.-- Reseña biográfica,261. aInventariado, 2026/VM 7aCiencia militar 7aTácticas militar 2Historia  7aEstrategia militar 7aTácticas políticas1 aDorín Cabrera, José,eprólogo 1 aMieses, Juan Carlo,eeditor  aVMateo V. Control de calidad. BPMSU  2ddccBK 00102ddc708CDaBPMETbBPMETd2026-03-03l0oBPMSU CD 355.48 S718e 2014pBPMSU26030009r2026-03-03w2026-03-03yBK c14454d14454